Z produkcie Opusu Nové nahrávky Slovenskej filharmónie

Bibliographic Details
Main Author: Blahynka, Miloslav, 1961-2011 (Author)
Format: Article
Language:Slovak
Subjects:

MARC

LEADER 00000nab a2200000 a 4500
001 vtls000376095
003 SK-MaSNL
005 20260303194510.0
008 140422c1990 xo 0 slo
015 |a SNBRB19rr/mm-uuuuu 
035 |a CL0376217 
040 |a SNKBUCL  |b slo  |c SNKBUCL  |e AACR2 
041 0 |a slo 
044 |a xo  |c SK 
080 |a 78.071.2:785.11  |2 1981 
080 |a 785.11  |2 1981 
100 1 |a Blahynka, Miloslav,  |d 1961-2011  |4 aut  |9 102187 
245 1 0 |a Z produkcie Opusu  |b Nové nahrávky Slovenskej filharmónie  |c Miloslav Blahynka 
500 |a (Dirigent: Stephen Gunzenhauser.) 
610 2 7 |a Slovenská filharmónia  |2 snkbucl  |9 145774 
650 0 7 |a Tchaikovsky (platňa gramofónová)  |2 snkbucl  |9 1226714 
655 7 |a články z novín a časopisov  |2 snkbucl  |9 267496 
773 0 |t Literárny týždenník  |g Roč. 3, č. 8 (1990), s. 15 
787 0 8 |i Rec.:  |t Tchaikovsky  |d Bratislava : Opus, 1989 
850 |a Slovenská národná knižnica v Martine  |a MTA001 
852 |a SNK  |b KIS3GCP 
958 |a RK 
958 |a SU 
999 |c 2157921  |d 2159851